Detalles MARC
| 000 -CABECERA |
| campo de control de longitud fija |
01938nam a22002777a 4500 |
| 003 - IDENTIFICADOR DEL NÚMERO DE CONTROL |
| campo de control |
OSt |
| 005 - FECHA Y HORA DE LA ÚLTIMA TRANSACCIÓN |
| campo de control |
20200729132225.0 |
| 008 - DATOS DE LONGITUD FIJA--INFORMACIÓN GENERAL |
| campo de control de longitud fija |
170516b xxu||||| |||| 00| 0 esp d |
| 040 ## - FUENTE DE LA CATALOGACIÓN |
| Centro/agencia transcriptor |
DO-SdBJH |
| Centro catalogador/agencia de origen |
DO-SdBJH |
| Lengua de catalogación |
spa |
| 090 ## - LOCALMENTE ASIGNADO TIPO-LC NÚMERO DE CLASIFICACIÓN (OCLC); NÚMERO DE CLASIFICACIÓN LOCAL (RLIN) |
| Número de clasificación (OCLC) (R) ; Numero de clasificación, CALL (RLIN) (NR) |
TG EGCEMN |
| Número cutter local (OCLC) ; Número de libro/Signatura topográfica íntegra, CALL (RLIN) |
00938 2015 |
| 100 1# - ENTRADA PRINCIPAL--NOMBRE DE PERSONA |
| Nombre de persona |
Araujo Morbán, Yeudi Alberto |
| Término indicativo de función/relación |
sustentante |
| 245 10 - MENCIÓN DE TÍTULO |
| Título |
Impacto producido en la Armada de República Dominicana a partir de la implementación de la Ley Orgánica de las Fuerzas Armadas No. 139-13 / |
| Mención de responsabilidad, etc. |
Yeudi Alberto Araujo Morbán, asesores Marisol Magallanes Ynoa, Juan B. Crisóstomo Martínez |
| 260 ## - PUBLICACIÓN, DISTRIBUCIÓN, ETC. |
| Lugar de publicación, distribución, etc. |
Santo Domingo Este : |
| Nombre del editor, distribuidor, etc. |
INSUDE, |
| Fecha de publicación, distribución, etc. |
2015 |
| 300 ## - DESCRIPCIÓN FÍSICA |
| Extensión |
iii, 80 páginas, ilustraciones-gráficas-tablas |
| 502 ## - NOTA DE TESIS |
| Nota de tesis |
Tesis (Especialidad en Comando y Estado Mayor Naval). -- Instituto Superior para la Defensa (INSUDE). Escuela de Graduados de Comando y Estado Mayor Naval, 2015. |
| 504 ## - NOTA DE BIBLIOGRAFÍA, ETC. |
| Nota de bibliografía, etc. |
Incluye referencias bibliográficas e índices |
| 505 ## - NOTA DE CONTENIDO CON FORMATO |
| Nota de contenido con formato |
Origen, evolución y situación actual de la Armada de República Dominicana, causas y motivos que obligaron a promulgar la Ley No. 139-13 Orgánica de las Fuerzas Armadas. -- Disposiciones introducidas por la Ley Orgánica de las Fuerzas Armadas No. 139-13, impacto producido en la Armada de República Dominicana por la implentación de la Ley Orgánica No. 139-13 de las Fuerzas Armadas |
| 650 #4 - PUNTO DE ACCESO ADICIONAL DE MATERIA--TÉRMINO DE MATERIA |
| Término de materia o nombre geográfico como elemento de entrada |
Ley orgánica de las Fuerzas Armadas No. 139-13 -- Impacto en la Armada |
| 650 #4 - PUNTO DE ACCESO ADICIONAL DE MATERIA--TÉRMINO DE MATERIA |
| Término de materia o nombre geográfico como elemento de entrada |
Incorporar nuevos cuerpos de Defensa y sEguridad |
| 650 #4 - PUNTO DE ACCESO ADICIONAL DE MATERIA--TÉRMINO DE MATERIA |
| Término de materia o nombre geográfico como elemento de entrada |
Carrera militar y sistema educativo -- Jeralquia, grados, antigüedad y mando |
| 651 #4 - PUNTO DE ACCESO ADICIONAL DE MATERIA--NOMBRE GEOGRÁFICO |
| Nombre geográfico |
República Dominicana. Instituto Superior para la Defensa. Escuela de Graduados de Altos Estudios Estratégicos |
| 700 1# - PUNTO DE ACCESO ADICIONAL--NOMBRE DE PERSONA |
| Nombre de persona |
Magallanes Ynoa, Marisol |
| Término indicativo de función/relación |
asesor |
| 700 1# - PUNTO DE ACCESO ADICIONAL--NOMBRE DE PERSONA |
| Nombre de persona |
Crisóstomo Martínez, Juan B. |
| Término indicativo de función/relación |
asesor |
| 830 ## - PUNTO DE ACCESO ADICIONAL DE SERIE-TÍTULO UNIFORME |
| Título uniforme |
INSUDE. “Escuela de Graduados de Comando y Estado Mayor Naval”. Tesis y disertaciones académicas |
| 942 ## - ELEMENTOS DE PUNTO DE ACCESO ADICIONAL (KOHA) |
| Fuente del sistema de clasificación o colocación |
Clasificación Local |
| Tipo de ítem Koha |
Tesis |